Astronomy in a nutshell : the chief facts and principles explained in popular language for the general reader and for schools /

Bibliographic Details
Main Author: Serviss, Garrett Putman, 1851-1929
Format: Book
Language:English
Published: New York, London : G.P. Putnam's sons, 1912.
Subjects:

MARC

Tag First Indicator Second Indicator Subfields
LEADER 00000cam a2200000 4500
001 in00000053397
005 20151007070234.0
008 740917s1912 nyuaf j 00010 eng u
010 |a  12014729  
035 |a (OCoLC)01012618 
035 |9 AAE3621AM 
040 |c SJD  |d TXA  |d UtOrBLW 
049 |a TXAM  |c [8000] 
050 0 0 |a QB44  |b .S5 
092 |a 523  |b S492a 
100 1 |a Serviss, Garrett Putman,  |d 1851-1929. 
245 1 0 |a Astronomy in a nutshell :  |b the chief facts and principles explained in popular language for the general reader and for schools /  |c by Garrett P. Serviss; with 47 illustrations. 
264 1 |a New York,  |a London :  |b G.P. Putnam's sons,  |c 1912. 
300 |a xi, 261 pages :  |b frontispiece, illustrations, plates, diagrams ;  |c 19 cm. 
336 |a text  |b txt  |2 rdacontent 
337 |a unmediated  |b n  |2 rdamedia 
338 |a volume  |b nc  |2 rdacarrier 
650 0 |a Astronomy  |v Juvenile literature. 
999 |a MARS 
999 f f |s e688f582-5739-3816-ba49-2fb75148b8e7  |i 65fe2834-bfd5-3a7f-8dcf-f0f2b53f7a80  |t 0 
952 f f |p ric  |a Texas A&M University  |b Rellis Campus  |c Joint Library Facility  |d Remote Storage  |t 0  |e QB44 .S5  |h Library of Congress classification  |i unmediated -- volume  |m A14800900304 
998 f f |a QB44 .S5  |t 0  |l Remote Storage